Miasta w Polsce na każdą liczbę liter - Statystyki

Ogólne statystyki
  • Ten quiz został rozwiązany 18 149 razy
    17 508 od ostatniego zresetowania
  • Średni wynik to 11 z 19
Statystyki odpowiedzi
Liczba liter Miasta Liczba miast o danej liczbie liter % Poprawnych
8 Warszawa, Szczecin, Katowice, Koszalin, Jaworzno, ... 159
98%
6 Kraków, Poznań, Gdańsk, Lublin, Gdynia, ... 146
97%
5 Radom, Toruń, Bytom, Opole, Tychy, Płock, ... 105
93%
7 Wrocław, Rzeszów, Gliwice, Olsztyn, Chorzów, ... 188
90%
9 Bydgoszcz, Białystok, Sosnowiec, Włocławek, Wałbrzych, ... 134
87%
4 Łódź, Piła, Żory, Nysa, Żary, Reda, Śrem, ... 26
84%
3 Ełk, Buk, Hel, Ryn 4
76%
11 Częstochowa, Zielona Góra, Jelenia Góra, Stalowa Wola, ... 50
75%
18 Gorzów Wielkopolski, Ostrów Wielkopolski, ... 14
63%
10 Ruda Śląska, Inowrocław, Tarnobrzeg, Szczecinek, ... 62
55%
12 Bielsko-Biała, Skierniewice, Starachowice, Łaziska Górne, ... 25
50%
15 Dąbrowa Górnicza, Jastrzębie-Zdrój, Kędzierzyn-Koźle, ... 22
49%
19 Piotrków Trybunalski, Siemianowice Śląskie, ... 10
43%
14 Tarnowskie Góry, Piekary Śląskie, Świętochłowice, ... 27
38%
13 Biała Podlaska, Solec Kujawski, Boguszów-Gorce, ... 16
32%
16 Starogard Gdański, Ostrów Mazowiecka, Tomaszów Lubelski, ... 18
28%
17 Skarżysko-Kamienna, Środa Wielkopolska, ... 14
25%
22 Ostrowiec Świętokrzyski 1
20%
20 Grodzisk Wielkopolski, Kalwaria Zebrzydowska, ... 4
9%
Nie znaleziono quizów pasujących do podanych kryteriów
Rozkład punktacji
Procent ludzi z każdym wynikiem
Percentyl według liczby udzielonych odpowiedzi
Twoja historia wyników
Nie rozwiązałeś tego quizu od ostatniego zresetowania